[Event "ROM-chT2"]
[Site "Mamaia"]
[Date "2015.10.06"]
[Round "4.2"]
[White "Luncasu, Raul Ionut"]
[Black "Marcia, Gottfried"]
[Result "1-0"]
[WhiteElo "2156"]
[BlackElo "2266"]
[PlyCount "55"]
[EventDate "2015.10.03"]
[EventType "team-tourn"]
[EventRounds "9"]
[EventCountry "ROU"]
[SourceTitle "CBM 169 Extra"]
[Source "ChessBase"]
[SourceDate "2015.12.18"]
[SourceVersion "1"]
[SourceVersionDate "2015.12.18"]
[SourceQuality "1"]
[WhiteTeam "Buzau Pheonix"]
[BlackTeam "Timisoara Sinandrei"]
[WhiteTeamCountry "ROU"]
[BlackTeamCountry "ROU"]

1. e4 c5 2. Nf3 d6 3. d4 cxd4 4. Nxd4 Nf6 5. Nc3 e6 6. Bc4 Be7 7. Be3 0-0 8. Qe2 a6 9. Bb3 b5 10. a3 Bb7 11. f3 Nbd7 12. g4 Ne5 13. g5 Nfd7 14. f4 Nc4 15. Bxc4 bxc4 16. 0-0-0 g6 17. h4 Re8 18. h5 Nf8 19. hxg6 fxg6 20. Rh3 Rc8 21. Nf3 d5 22. Ne5 Bc5 23. Bxc5 Rxc5 24. exd5 exd5 25. Ne4 dxe4 26. Rxd8 Rxd8 27. Ng4 Bc8 28. Nh6+ 1-0

[Event "ROM-chT2"]
[Site "Mamaia"]
[Date "2015.10.04"]
[Round "2.3"]
[White "Marcia, Gottfried"]
[Black "Chima, Radu Niculin"]
[Result "0-1"]
[WhiteElo "2266"]
[BlackElo "2100"]
[PlyCount "90"]
[EventDate "2015.10.03"]
[EventType "team-tourn"]
[EventRounds "9"]
[EventCountry "ROU"]
[SourceTitle "CBM 169 Extra"]
[Source "ChessBase"]
[SourceDate "2015.12.18"]
[SourceVersion "1"]
[SourceVersionDate "2015.12.18"]
[SourceQuality "1"]
[WhiteTeam "Timisoara Sinandrei"]
[BlackTeam "Bistrita"]
[WhiteTeamCountry "ROU"]
[BlackTeamCountry "ROU"]

1. e4 Nf6 2. Nc3 d5 3. exd5 Nxd5 4. Bc4 Nb6 5. Bb3 Nc6 6. Nf3 Bf5 7. d4 e6 8. 0-0 Be7 9. Re1 0-0 10. Ne4 Na5 11. Ng3 Bg6 12. c3 Nxb3 13. Qxb3 a5 14. Ne5 a4 15. Qd1 c5 16. Nxg6 hxg6 17. dxc5 Bxc5 18. Be3 Bxe3 19. Rxe3 Qxd1+ 20. Rxd1 Nc4 21. Re2 Rfd8 22. Rc1 Ra5 23. Nf1 Rb5 24. Rb1 Rd3 25. Re5 Rxb2 26. Rxb2 Nxb2 27. Rb5 a3 28. Rxb7 Rxc3 29. g3 Nd3 30. Nd2 Rc1+ 31. Kg2 Ne1+ 32. Kh3 Rc5 33. Rb1 Rh5+ 34. Kg4 Nd3 35. f4 Rxh2 36. Nc4 f5+ 37. Kf3 Rxa2 38. Rb8+ Kh7 39. Nd6 Ne1+ 40. Ke3 g5 41. Nf7 gxf4+ 42. Kxf4 Kg6 43. Ne5+ Kf6 44. Rf8+ Ke7 45. Rf7+ Kd6 0-1

[Event "Timisoara op"]
[Site "Timisoara"]
[Date "1999.??.??"]
[Round "?"]
[White "Foisor, Cristina Adela B"]
[Black "Marcia, Gottfried"]
[Result "1-0"]
[WhiteElo "2370"]
[BlackElo "2280"]
[PlyCount "83"]
[EventDate "1999.??.??"]
[EventType "swiss"]
[EventRounds "9"]
[EventCountry "ROU"]
[SourceTitle "EXT 2004"]
[Source "ChessBase"]
[SourceDate "2003.11.25"]
[SourceVersion "1"]
[SourceVersionDate "2003.11.25"]
[SourceQuality "1"]

1. Nf3 Nf6 2. g3 g6 3. b3 Bg7 4. Bb2 0-0 5. Bg2 d5 6. 0-0 c5 7. c4 d4 8. b4 Nfd7 9. d3 a5 10. b5 Ra7 11. a4 b6 12. Ra2 e5 13. e3 Re8 14. Bc1 Rc7 15. Re2 Nf8 16. e4 f5 17. Rfe1 fxe4 18. Rxe4 Bb7 19. R4e2 Nbd7 20. Nbd2 Rc8 21. Nxe5 Bxg2 22. Nxd7 Rxe2 23. Qxe2 Bh3 24. Nxf8 Qxf8 25. Ne4 h6 26. f3 Bd7 27. Bf4 g5 28. Bd6 Qf7 29. f4 Qg6 30. Be5 Rf8 31. Bxg7 Kxg7 32. fxg5 hxg5 33. Nf2 Qf6 34. Qe7+ Qxe7 35. Rxe7+ Rf7 36. Re5 Rf5 37. Re4 Rf7 38. g4 Kf8 39. h3 Re7 40. Rxe7 Kxe7 41. Ne4 Ke6 42. Kf2 1-0

[Event "Timisoara op"]
[Site "Timisoara"]
[Date "1999.??.??"]
[Round "?"]
[White "Grunberg, Mihai Lucian"]
[Black "Marcia, Gottfried"]
[Result "1/2-1/2"]
[WhiteElo "2375"]
[BlackElo "2280"]
[PlyCount "86"]
[EventDate "1999.??.??"]
[EventType "swiss"]
[EventRounds "9"]
[EventCountry "ROU"]
[SourceTitle "EXT 2004"]
[Source "ChessBase"]
[SourceDate "2003.11.25"]
[SourceVersion "1"]
[SourceVersionDate "2003.11.25"]
[SourceQuality "1"]

1. f4 g6 2. Nf3 Bg7 3. g3 Nf6 4. Bg2 0-0 5. d3 d6 6. Nc3 c5 7. Nh4 Nc6 8. h3 Rb8 9. f5 Bd7 10. e4 b5 11. 0-0 Nd4 12. g4 Bc6 13. Ne2 Nd7 14. g5 Nxe2+ 15. Qxe2 c4 16. Rb1 cxd3 17. cxd3 b4 18. Be3 Qa5 19. Nf3 Rbc8 20. Qd2 Qa6 21. Nd4 Ba8 22. h4 d5 23. exd5 Ne5 24. Qe2 Rfd8 25. f6 exf6 26. gxf6 Bf8 27. Bf4 Nd7 28. Nc6 Bxc6 29. dxc6 Rxc6 30. Bxc6 Qxc6 31. Rbc1 Qa6 32. b3 Nc5 33. Rc4 Nxd3 34. Bc7 Rc8 35. Qxd3 Rxc7 36. Rf2 Rc6 37. Qd4 Rd6 38. Qf4 h5 39. Kg2 Qb7+ 40. Qf3 Qd7 41. Qh3 Qb7+ 42. Qf3 Qd7 43. Qh3 Qb7+ 1/2-1/2

[Event "Timisoara op"]
[Site "Timisoara"]
[Date "1999.??.??"]
[Round "?"]
[White "Marcia, Gottfried"]
[Black "Mateia, Benone"]
[Result "1-0"]
[WhiteElo "2280"]
[BlackElo "1800"]
[PlyCount "58"]
[EventDate "1999.??.??"]
[EventType "swiss"]
[EventRounds "9"]
[EventCountry "ROU"]
[SourceTitle "EXT 2004"]
[Source "ChessBase"]
[SourceDate "2003.11.25"]
[SourceVersion "1"]
[SourceVersionDate "2003.11.25"]
[SourceQuality "1"]

1. e4 Nf6 2. e5 Nd5 3. Nc3 Nxc3 4. dxc3 d6 5. Bc4 e6 6. Nf3 Nc6 7. Bf4 Be7 8. Qe2 d5 9. 0-0-0 Na5 10. Bd3 c5 11. c4 d4 12. h4 Qb6 13. Ng5 Bd7 14. Nxh7 0-0-0 15. Ng5 Rdf8 16. g3 f6 17. Ne4 Bc6 18. Rhe1 f5 19. Ng5 Be8 20. Kb1 Qc6 21. Qd2 b6 22. c3 Bh5 23. cxd4 Bxd1 24. d5 exd5 25. cxd5 Qa4 26. Qxd1 Qxd1+ 27. Rxd1 c4 28. Bc2 Bxg5 29. Bxg5 Re8 1-0

[Event "Timisoara op"]
[Site "Timisoara"]
[Date "1999.??.??"]
[Round "?"]
[White "Marcia, Gottfried"]
[Black "Mihet, Vasile Mihai"]
[Result "1-0"]
[WhiteElo "2280"]
[BlackElo "1760"]
[PlyCount "107"]
[EventDate "1999.??.??"]
[EventType "swiss"]
[EventRounds "9"]
[EventCountry "ROU"]
[SourceTitle "EXT 2004"]
[Source "ChessBase"]
[SourceDate "2003.11.25"]
[SourceVersion "1"]
[SourceVersionDate "2003.11.25"]
[SourceQuality "1"]

1. e4 c5 2. Nf3 Nc6 3. d4 cxd4 4. Nxd4 Nf6 5. Nc3 e6 6. Ndb5 d6 7. Bf4 e5 8. Bg5 Be7 9. Bxf6 gxf6 10. Nd5 Kf8 11. Qd2 h6 12. Rd1 a6 13. Nxe7 axb5 14. Nxc8 Qxc8 15. a3 Ra4 16. f3 Rd4 17. Qc1 Rg8 18. Qxh6+ Ke7 19. c3 Rxd1+ 20. Kxd1 Qe6 21. Qd2 Qb3+ 22. Ke1 b4 23. axb4 Ra8 24. Be2 Ra2 25. Bd1 Qxb2 26. Qxb2 Rxb2 27. g3 Kf8 28. h4 Kg7 29. Rf1 Ne7 30. Rf2 Rb1 31. Rd2 Rc1 32. Rd3 Nc8 33. Kd2 Ra1 34. Kc2 Ra2+ 35. Kb3 Rg2 36. g4 Rh2 37. h5 Kf8 38. Kc4 Ke7 39. Kb5 Rb2 40. Re3 Rb1 41. Bc2 Rf1 42. Bb3 Ra1 43. Bd5 Ra6 44. f4 Na7+ 45. Kc4 b5+ 46. Kb3 Ra1 47. fxe5 dxe5 48. Rh3 Kf8 49. h6 Kg8 50. Rf3 Ra6 51. g5 Kh7 52. gxf6 Kxh6 53. Bxf7 Rd6 54. Be8 1-0

[Event "Timisoara"]
[Site "Timisoara"]
[Date "1999.??.??"]
[Round "?"]
[White "Sanduleac, Vasile"]
[Black "Marcia, Gottfried"]
[Result "1-0"]
[WhiteElo "2385"]
[BlackElo "2270"]
[PlyCount "85"]
[EventDate "1999.??.??"]
[EventType "tourn"]
[EventRounds "11"]
[EventCountry "ROU"]
[SourceTitle "EXT 2004"]
[Source "ChessBase"]
[SourceDate "2003.11.25"]
[SourceVersion "1"]
[SourceVersionDate "2003.11.25"]
[SourceQuality "1"]

1. e4 c5 2. Nf3 d6 3. d4 cxd4 4. Qxd4 a6 5. Be3 Nf6 6. Nc3 Nc6 7. Qd2 b5 8. Nd4 Bb7 9. f3 e6 10. a4 b4 11. Nce2 d5 12. Nxc6 Bxc6 13. Nd4 Bb7 14. e5 Nd7 15. f4 Be7 16. Bd3 0-0 17. 0-0 Nc5 18. f5 Ne4 19. Qe2 exf5 20. Nxf5 Bg5 21. Bxe4 Bxe3+ 22. Qxe3 dxe4 23. Rad1 Qc7 24. Qg5 f6 25. exf6 Rxf6 26. Ne3 Raf8 27. Rxf6 Rxf6 28. Qg4 Qb6 29. Qe2 h6 30. Qc4+ Kh7 31. Qd4 Qa5 32. Rf1 Rxf1+ 33. Kxf1 Qxa4 34. Ke1 Qb5 35. Kd2 a5 36. b3 Qg5 37. Qd6 Qh4 38. Qf8 Qxh2 39. Qf5+ Kg8 40. Qxa5 Qd6+ 41. Ke1 Qd4 42. Ke2 h5 43. Qb5 1-0